Everything is Awesome Lyrics - Statistics

General Stats
  • This quiz has been taken 28 times
    21 since last reset
  • The average score is 154 of 291
Answer Stats
Lyrics % Correct
A
100%
Awesome!
100%
Awesome
100%
Awesome?
100%
Everything
100%
Everything!
100%
I
100%
Is
100%
We
94%
You
94%
Dream!
81%
When
81%
You're
81%
Cool
75%
Living
75%
Of
75%
Part
75%
Team!
75%
The
69%
Our
63%
To
63%
Go!
56%
We're
56%
An
50%
By
50%
In
50%
Together!
50%
And
44%
Side
44%
Better
38%
I'm
38%
Me!
38%
Me
38%
My
38%
Stick
38%
Forever!
31%
Gonna
31%
Harmony!
25%
Let's
25%
Like
25%
Party
25%
Same
25%
Win
25%
1
19%
2
19%
3
19%
All
19%
Are
19%
Good
19%
Have
19%
See!
19%
They're
19%
Three
19%
Best!
13%
Blue
13%
Brown
13%
Community!
13%
Feel
13%
Free
13%
Got
13%
Heard
13%
It's
13%
Job
13%
Know
13%
Life
13%
Lose!
13%
Lost
13%
Mud
13%
New
13%
News?
13%
Opportunity!
13%
Say!
13%
Shoes!
13%
That's
13%
There's
13%
Think!
13%
Time
13%
Two
13%
With
13%
Allergies!
6%
Antiquities!
6%
Blossom
6%
Body
6%
Book
6%
Bouncy
6%
Brand
6%
'Cause
6%
Chocolate
6%
Clocks!
6%
Clogs!
6%
Dip
6%
Dogs
6%
Everyone's
6%
Everything's
6%
Figs!
6%
Fleas!
6%
Frogs!
6%
Frosting!
6%
Greek
6%
Items
6%
Jigs!
6%
Just
6%
Later
6%
More
6%
Named
6%
Nobel
6%
Off
6%
Old
6%
Or
6%
Pants!
6%
Piece
6%
Possum!
6%
Prize!
6%
Rocks!
6%
Skies!
6%
Smelling
6%
Socks!
6%
Springs!
6%
Stepped
6%
String!
6%
Talking!
6%
Than
6%
Things!
6%
Trees!
6%
Twigs!
6%
Very
6%
Vest!
6%
Wash
6%
What's
6%
Working
6%
Years
6%
No matching quizzes found
Score Distribution
Percent of People with Each Score
Percentile by Number Answered
Your Score History
You have not taken this quiz since the last reset